000 00308nam a22001457a 4500
008 221004b ||||| |||| 00| 0 eng d
020 _a9780470100288
041 _aeng
080 _a159.9
082 _a159.9
100 _a24.1
101 _aPSI
245 _aTHE ENERGY BUS
_cGORDON J
942 _2udc
_cBK
999 _c58331
_d58331